00434nam a2200169Ia 4500008004100000020001300041040001900054041001200073082003300085100001700118245002400135260002700159300001800186650002000204651001400224850002600238131103s9999 xx 000 0 und d cRs.30.00 aLoreto College aEnglish a891.44B/DAR-GHObLCBED/14897 aGhosh, Ashok aDaruincAshok Ghosh aKolkatabPapirusc2011 a50p. c 18cm. aDaruin, Charles aBiography aLCBED/891.44B/DAR-GHO